Персонажи DC - Армагеддон - Statistics

General Stats
  • This quiz has been taken 83 times
  • The average score is 8 of 17
Answers on the Grid
Answers color-coded by a green-red scale on the quiz's grid according to % correct below.
Человек-паук
Зверь
Чародейка
Роршах
Двуликий
Бэтмен
Карнаж
Флэш
Носорог
Мадам Паутина
Супермен
Джокер
Каратель
Женщина-невидимка
Синестро
Чёрная вдова
Пугало
Железный патриот
Оса
Крейвен-охотник
Локи
Лекс Лютор
Аквамен
Зимний солдат
Харли Квинн
Циклоп
Женщина-паук
Росомаха
Зелёный Фонарь
Мерзость
Вижн
Пингвин
Бэтгёрл
Мистерио
Доктор Дум
Железный человек
Халк
Загадочник
Магнето
Озимандия
 
Answer Stats
Answer % Correct
Бэтмен
87%
Флэш
72%
Супермен
72%
Джокер
63%
Аквамен
54%
Зелёный Фонарь
50%
Харли Квинн
48%
Двуликий
46%
Лекс Лютор
41%
Пингвин
41%
Чародейка
35%
Пугало
35%
Бэтгёрл
35%
Загадочник
35%
Роршах
30%
Синестро
24%
Озимандия
17%
No matching quizzes found
Score Distribution
Percent of People with Each Score
Percentile by Number Answered
Your Score History
You have not taken this quiz